000 00652nam a2200289Ia 4500
001 Z_2834
003 CHAP
008 220113s1984 xx 000 0 und d
010 _a165907
040 _cCHAP
082 _a636.084 Ch8
100 _aChurch, D. C.
_922991
245 _aLivestock feeds and feeding /
_cby D. C. Church
260 _aOregon :
_bO&B,
_c1984
300 _a549 p.
440 _a
500 _a
503 _a
650 _aAlimentos y alimentación del ganado
_94326
650 _aForrajes I. t.
_9138369
901 _a636.084 Ch8
902 _aA
910 _a1984
942 _c1
942 _cc1
999 _c165907
_d165907